000 00926pam a2200265 a 4500
999 _c7308
_d7308
001 3562841
003 GZU
005 20210506114440.0
008 981007s1999 njuab b 001 0 eng
010 _a 98047066
020 _a0130807850
040 _aDLC
_cDLC
_dDLC
050 0 0 _aHD30.28
_b.DAV 1999
100 1 _aDavid, Fred R.
_eauthor
245 1 0 _aStrategic management :
_bconcepts & cases /
_cFred R. David.
250 _a7th ed.
260 _aUpper Saddle River, N.J. :
_bPrentice Hall,
_cc1999.
300 _axxxii, 525 p. :
_bill. (some col.), col. maps ;
_c26 cm.
500 _aIncludes bibliographical references and indexes.
650 0 _aStrategic planning
_xCase studies.
650 0 _aStrategic planning.
906 _a7
_bcbc
_corignew
_d1
_eocip
_f19
_gy-gencatlg
942 _2lcc
_cBK
_e7th edition
_h30.28
_iDAV
_kHD